Los viajes de Gulliver
Guardat en:
| Autor principal: | |
|---|---|
| Format: | Llibre |
| Idioma: | espanyol |
| Publicat: |
Barcelona
Random House Mondadori
2008
|
| Col·lecció: | Grandes Clásicos
|
| Matèries: | |
| Etiquetes: |
Afegir etiqueta
Sense etiquetes, Sigues el primer a etiquetar aquest registre!
|
MARC
| LEADER | 00000cam a2200000 a 4500 | ||
|---|---|---|---|
| 001 | UCF1811 | ||
| 003 | CL-VaPUC | ||
| 008 | 120727e20080000SP |||||||||||||||||spa|d | ||
| 020 | |a 9788439721277 | ||
| 082 | 0 | 4 | |a 823 |b SWI |2 21 |
| 100 | 0 | |a Swift, Jonathan |e author |9 265806 | |
| 245 | 1 | 4 | |a Los viajes de Gulliver |
| 300 | |a 332 p | ||
| 942 | |c BK | ||
| 945 | |d 20120727 00:00:00 |a dcastane | ||
| 260 | |a Barcelona |b Random House Mondadori |c 2008 | ||
| 650 | 0 | |a Novelas inglesas |9 265220 | |
| 650 | 0 | |a Literatura inglesa |9 312907 | |
| 583 | |a last modification |c 20120727 13:37:00 |k Rodrigo Vera | ||
| 490 | 0 | |a Grandes Clásicos | |
| 999 | |c 348499 |d 348497 | ||
| 952 | |0 0 |1 0 |4 0 |6 823_000000000000000_SWI_2008 |7 0 |8 A |9 450538 |a BIBING |b BIBING |d 2019-11-22 |i 4873165 |o 823 SWI 2008 |p 4873165 |r 2025-01-20 |w 2019-11-22 |y BK |k CUI | ||